[Event "ch-CZE 2013"]
[Site "Ledec nad Sazavou CZE"]
[Date "2013.05.29"]
[Round "9.5"]
[White "Babula,V"]
[Black "Bernasek,J"]
[Result "1-0"]
[WhiteElo "2591"]
[BlackElo "2537"]

1.d4 Nf6 2.c4 e6 3.Nf3 Bb4+ 4.Bd2 c5 5.Bxb4 cxb4 6.g3 O-O 7.Bg2 d6 8.O-O Nc6
9.a3 Qb6 10.axb4 Qxb4 11.Qc2 Bd7 12.e4 e5 13.d5 Nb8 14.Ne1 Rc8 15.Nd2 Na6
16.Nd3 Qb6 17.Qc3 Nc5 18.Nxc5 Qxc5 19.b4 Qc7 20.Rfc1 b6 21.Nb3 Bb5 22.Bh3 Bd7
23.Bg2 Bb5 24.c5 bxc5 25.bxc5 dxc5 26.Qxc5 Qxc5 27.Nxc5 Nd7 28.Nxd7 Rxc1+
29.Rxc1 Bxd7 30.Bf1 a5 31.Rc7 Be8 32.f4 exf4 33.gxf4 a4 34.Bc4 Kf8 35.d6 a3
36.Ba2 Rd8 37.e5 Rd7 38.Rc8 g6 39.Kf2 Ra7 40.Ke3 h6 41.h4 h5 42.Rb8  1-0

[Event "Hungarian National Open 2013"]
[Site "Zalakaros HUN"]
[Date "2013.05.29"]
[Round "8"]
[White "Juhasz,A"]
[Black "Pasztor,F1"]
[Result "1/2-1/2"]
[WhiteElo "2198"]
[BlackElo "2219"]

1.d4 Nf6 2.c4 e6 3.Nf3 Bb4+ 4.Bd2 Qe7 5.g3 O-O 6.Bg2 Ne4 7.O-O Nxd2 8.Nbxd2 c6
9.Nb3 a5 10.a3 Bd6 11.e4 a4 12.e5 Bc7 13.Nc5 b5 14.cxb5 cxb5 15.Qd3 Ra5 16.Rac1 d6
17.exd6 Bxd6 18.Ne4 b4 19.Nxd6 Qxd6 20.Rfd1 Ba6 21.Qd2 Rb5 22.Ne5 bxa3 23.Nc4 Qb4
24.Nxa3 Rb6 25.Rc2  1/2-1/2

[Event "70th ch-GEO w 2013"]
[Site "Tbilisi GEO"]
[Date "2013.05.30"]
[Round "4.4"]
[White "Lomineishvili,M"]
[Black "Khurtsilava,I"]
[Result "1-0"]
[WhiteElo "2345"]
[BlackElo "2290"]

1.d4 Nf6 2.c4 e6 3.Nf3 Bb4+ 4.Bd2 Qe7 5.g3 Ne4 6.Bg2 O-O 7.O-O d5 8.c5 Bxd2
9.Nbxd2 Nc6 10.Qc2 f5 11.e3 g5 12.Rac1 Qg7 13.a3 a5 14.Rb1 a4 15.Ne1 h5 16.Nxe4 dxe4
17.f3 exf3 18.Nxf3 e5 19.Qc4+ Kh8 20.d5 g4 21.dxc6 gxf3 22.Bxf3 bxc6 23.Bxc6 Ba6
24.Qh4 Qg6 25.Bxa8 Bxf1 26.Bf3 Bd3 27.Rd1 e4 28.Qxh5+ Qxh5 29.Bxh5 Rb8 30.Rd2 Rb5
31.Be8 Rxc5 32.Bxa4 Kg7 33.Kf2 Kf6 34.Bd1 Rc1 35.Be2 Bb1 36.b4 Rc3 37.a4 Rb3
38.b5 Ra3 39.Bd1 Bd3 40.Rb2 Ra1 41.Ke1 Bc4 42.h4 Ra3 43.Kf2 Bd3 44.g4 fxg4
45.Kg3 Ra1 46.Rd2 Kg6 47.Kf4 Kh6 48.Kg3 Kg6 49.Bb3 Kh5 50.Bf7+ Kh6 51.Ra2 Rg1+
52.Rg2 Rf1 53.Be8 Rf8 54.Bd7 Rf3+ 55.Kxg4 Rxe3 56.a5 Re1 57.Rd2 Rg1+ 58.Kf4 Rf1+
59.Ke3 Ra1 60.a6 Ra3 61.Kd4 e3 62.Rd1 Bc2 63.Re1 Rd3+ 64.Kc5 Rc3+ 65.Kb4 Rb3+
66.Kc4 Ra3 67.Bc6 Kh5 68.Kd4 Rd3+ 69.Ke5 Ra3 70.Kf4 Ra4+ 71.Kxe3 Kxh4 72.Kd2 Ra2
73.Kc3 Ba4 74.Re7 Ra1 75.Kb4 Bxb5 76.Kxb5  1-0

[Event "Icelandic Open Championship 2013"]
[Site "Reykjavik ISL"]
[Date "2013.06.02"]
[Round "4.20"]
[White "Ulfljotsson,Jon"]
[Black "Jonsson,Gauti Pall"]
[Result "1/2-1/2"]
[WhiteElo "1806"]
[BlackElo "1546"]

1.d4 Nf6 2.c4 e6 3.Nf3 Bb4+ 4.Bd2 Qe7 5.Nc3 b6 6.e3 O-O 7.Be2 Bb7 8.O-O Bxc3
9.Bxc3 d6 10.b4 Ne4 11.Qc2 Nd7 12.Nd2 f5 13.f3 Nxc3 14.Qxc3 Qg5 15.Rf2 Rf6
16.f4 Qh6 17.Bf3 Bxf3 18.Rxf3 c5 19.Raf1 Qh5 20.Rh3 Qe8 21.e4 e5 22.fxe5 cxb4
23.Qxb4 dxe5 24.dxe5 Qxe5 25.Qc3 Qxc3 26.Rxc3 fxe4 27.Nxe4 Rxf1+ 28.Kxf1 Rc8
29.Kf2 Ne5 30.c5 bxc5 31.Rxc5  1/2-1/2

[Event "Grand Europe Open Albena"]
[Site "Albena BUL"]
[Date "2013.06.04"]
[Round "4.5"]
[White "Melkumyan,H"]
[Black "Berescu,A"]
[Result "1-0"]
[WhiteElo "2635"]
[BlackElo "2461"]

1.d4 e6 2.c4 Nf6 3.Nf3 Bb4+ 4.Bd2 c5 5.Bxb4 cxb4 6.g3 O-O 7.Bg2 d6 8.O-O a5
9.a3 Na6 10.axb4 Nxb4 11.Nc3 d5 12.Ne5 b6 13.cxd5 Nfxd5 14.e4 Ne7 15.d5 f6
16.Nf3 Ba6 17.Nd4 exd5 18.Ne6 Qd6 19.Nxf8 Bxf1 20.Qxf1 Rxf8 21.exd5 Rd8 22.Nb5 Qd7
23.d6 Nec6 24.Qc4+ Qf7 25.Qc3 Qd7 26.Rc1 Ne5 27.Qc7 Ned3 28.Qxd7 Rxd7 29.Rc8+ Kf7
30.Bh3  1-0

[Event "35th Nezhmetdinov Cup"]
[Site "Kazan RUS"]
[Date "2013.06.04"]
[Round "5.7"]
[White "Kryakvin,D"]
[Black "Rozum,I"]
[Result "0-1"]
[WhiteElo "2576"]
[BlackElo "2482"]

1.d4 Nf6 2.c4 e6 3.Nf3 Bb4+ 4.Bd2 Bxd2+ 5.Qxd2 d5 6.Nc3 O-O 7.e3 Qe7 8.Rc1 Rd8
9.Qc2 a6 10.cxd5 exd5 11.Qb3 c6 12.Bd3 Nbd7 13.O-O Ne4 14.Qc2 Ndf6 15.Ne5 Be6
16.f3 Nxc3 17.bxc3 c5 18.Qb2 Rac8 19.a4 Rc7 20.f4 Bd7 21.a5 Rdc8 22.Rb1 Ba4
23.Qa3 c4 24.Qxe7 Rxe7 25.Bf5 Rd8 26.Rb4 Bb3 27.Re1 Ne8 28.Bb1 Nd6 29.Nf3 Rde8
30.Kf2 b5 31.Nd2 Ba4 32.Rb2 Nb7 33.Bc2 Bxc2 34.Rxc2 f6 35.Kf3 Kf7 36.g4 h5
37.h3 hxg4+ 38.hxg4 Nd6 39.Rb2 Rh8 40.Kg3 Ke8 41.f5 Kf7 42.Rbb1 g6 43.e4 dxe4
44.fxg6+ Kxg6 45.Kf4 Rh3 46.Nxe4 Nxe4 47.Rxe4 Rxe4+ 48.Kxe4 Rxc3 49.Kd5 Rc2
50.Kc5 c3 51.Rb3 Rc1 52.d5 c2 53.Rb2 Kf7 54.Ra2 Ke7 55.Rb2 Kd7 56.d6 b4 57.Kc4 Kxd6
58.Kd3 Kc5 59.Kd2 Rg1 60.Rxc2+ Kb5  0-1

[Event "43rd Open A Bosna 2013"]
[Site "Sarajevo BIH"]
[Date "2013.06.04"]
[Round "5.4"]
[White "Kozul,Z"]
[Black "Markus,Rob"]
[Result "0-1"]
[WhiteElo "2606"]
[BlackElo "2611"]

1.d4 Nf6 2.Nf3 e6 3.c4 Bb4+ 4.Bd2 Qe7 5.g3 Nc6 6.Bg2 Bxd2+ 7.Nbxd2 a5 8.O-O d6
9.e4 e5 10.d5 Nb8 11.Qa4+ Nfd7 12.Nh4 g6 13.Qa3 O-O 14.Rae1 Re8 15.Bh3 c6
16.f4 exf4 17.e5 dxe5 18.d6 Qd8 19.Ne4 Na6 20.Qc3 Ndc5 21.Bxc8 Nxe4 22.Rxe4 Rxc8
23.Rd1 Nc5 24.Rxe5 Rxe5 25.Qxe5 fxg3 26.Nf5 gxf5 27.Qxc5 Qh4 28.hxg3 Qxg3+
29.Kf1 Qf3+ 30.Ke1 Re8+ 31.Kd2 Re2+ 32.Kc1 Qf4+ 33.Kb1 Qe4+ 34.Ka1 Re1  0-1

[Event "6th Mayors Cup 2013"]
[Site "Mumbai IND"]
[Date "2013.06.05"]
[Round "10"]
[White "Raghunandan,K"]
[Black "Karthikeyan,P2"]
[Result "1/2-1/2"]
[WhiteElo "2059"]
[BlackElo "2415"]

1.d4 Nf6 2.c4 e6 3.Nf3 Bb4+ 4.Bd2 a5 5.a3 Be7 6.Nc3 d5 7.Bf4 O-O 8.e3 Nbd7
9.Qc2 c6 10.cxd5 exd5 11.Bd3 Re8 12.O-O Nf8 13.h3 Ne6 14.Bh2 g6 15.Ne5 Ng7
16.g4 h5 17.f3 c5 18.Qg2 cxd4 19.exd4 Qb6  1/2-1/2

[Event "Grand Europe Open Albena"]
[Site "Albena BUL"]
[Date "2013.06.07"]
[Round "7.35"]
[White "Zalkind,K"]
[Black "Arsovic,Z"]
[Result "1/2-1/2"]
[WhiteElo "2211"]
[BlackElo "2433"]

1.d4 Nf6 2.c4 e6 3.Nf3 Bb4+ 4.Bd2 Qe7 5.g3 Nc6 6.Nc3 O-O 7.Bg2 d6 8.O-O Bxc3
9.Bxc3 Ne4 10.Rc1 e5 11.d5 Nxc3 12.Rxc3 Nb8 13.b4 Nd7 14.Qc2 f5 15.c5 e4
16.Nd4 Nf6 17.Qb3 Qf7 18.Ne6 Bxe6 19.dxe6 Qe7 20.cxd6 cxd6 21.Rfc1 d5 22.Rc7 Qxe6
23.Rxb7 Rfc8 24.Rbc7 Rxc7 25.Rxc7 Rc8 26.Qc3 Rxc7 27.Qxc7 Qa6 28.Bh3 Qxe2
29.Qxa7 Qd1+ 30.Bf1 d4 31.b5 d3 32.b6 d2 33.b7 Qxf1+ 34.Kxf1 d1=Q+ 35.Kg2 Qf3+
36.Kg1 Qd1+  1/2-1/2

[Event "35th Nezhmetdinov Cup"]
[Site "Kazan RUS"]
[Date "2013.06.07"]
[Round "8.26"]
[White "Shaydullina,S"]
[Black "Denisov,L"]
[Result "0-1"]
[WhiteElo "2160"]
[BlackElo "2368"]

1.d4 Nf6 2.c4 e6 3.Nf3 Bb4+ 4.Bd2 Qe7 5.g3 O-O 6.Bg2 Bxd2+ 7.Qxd2 d6 8.O-O e5
9.Nc3 Nc6 10.d5 Nb8 11.e4 a5 12.Ne1 Na6 13.Nd3 Nc5 14.Nxc5 dxc5 15.f4 Ne8
16.f5 a4 17.g4 f6 18.b3 Bd7 19.h4 h6 20.Qc2 Nd6 21.Rfe1 b6 22.Bf1 Ra7 23.Be2 Rfa8
24.Qb2 Ra5 25.Kf2 R8a7 26.Rg1 Qd8 27.g5 fxg5 28.hxg5 hxg5 29.bxa4 Qf6 30.Qc1 Rxa4
31.Qxg5 Qxg5 32.Rxg5 Ra3 33.Rag1 Rxc3 34.Rxg7+ Kf8 35.Rxd7 Nxe4+ 36.Kg2 Rxa2
37.Re1 Ng3 38.Kf2 e4 39.Rxc7 Rf3+ 40.Kg2 Nxe2 41.Rc8+ Ke7 42.Rg8 Rxf5 43.Rg4 Nf4+
44.Kh1 Rh5+ 45.Kg1 Nh3+ 46.Kh1 Nf2+ 47.Kg1 Nxg4 48.Rxe4+ Re5  0-1

[Event "35th Nezhmetdinov Cup"]
[Site "Kazan RUS"]
[Date "2013.06.07"]
[Round "8.32"]
[White "Smirnov,Alexey"]
[Black "Khusnutdinova,Alsu"]
[Result "1-0"]
[WhiteElo "2413"]
[BlackElo "2001"]

1.d4 Nf6 2.c4 e6 3.Nf3 Bb4+ 4.Bd2 Qe7 5.Nc3 b6 6.e3 Bb7 7.Bd3 d6 8.Qa4+ Nc6
9.d5 exd5 10.Nd4 Bxc3 11.Bxc3 O-O 12.Nxc6 Qe8 13.cxd5 Nxd5 14.Qh4 f5 15.Bc4 Bxc6
16.Qd4 Qe5 17.O-O-O f4 18.Qxe5  1-0

[Event "27th Pula Open 2013"]
[Site "Pula CRO"]
[Date "2013.06.10"]
[Round "3.19"]
[White "Kljako,D"]
[Black "Danner,G"]
[Result "1/2-1/2"]
[WhiteElo "2176"]
[BlackElo "2329"]

1.d4 Nf6 2.c4 e6 3.Nf3 Bb4+ 4.Bd2 Qe7 5.a3 Bxd2+ 6.Qxd2 d6 7.Nc3 e5 8.dxe5 dxe5
9.e3 O-O 10.Rd1 Bf5 11.Be2 Na6 12.b4 c6 13.Qd6 Rfe8 14.c5  1/2-1/2

[Event "27th Pula Open 2013"]
[Site "Pula CRO"]
[Date "2013.06.11"]
[Round "4.2"]
[White "Jovanic,O"]
[Black "Karner,C"]
[Result "0-1"]
[WhiteElo "2532"]
[BlackElo "2321"]

1.d4 Nf6 2.c4 e6 3.Nf3 Bb4+ 4.Bd2 Qe7 5.g3 Nc6 6.Nc3 Bxc3 7.Bxc3 Ne4 8.Rc1 d6
9.d5 Nxc3 10.Rxc3 Nd8 11.Bg2 O-O 12.Nd2 e5 13.Qc2 f5 14.c5 Nf7 15.O-O Bd7
16.Rc1 g6 17.Qb3 b6 18.cxd6 cxd6 19.Qa3 Rfc8 20.Qa6 Rc5 21.Rxc5 bxc5 22.Nc4 Be8
23.Na5 Rb8 24.Nc6 Bxc6 25.dxc6 e4 26.b4 Qc7 27.bxc5 dxc5 28.f3 Rb6 29.Qc4 Rxc6
30.fxe4 fxe4 31.Bxe4 Rd6 32.Qxc5 Rd1+ 33.Rxd1 Qxc5+ 34.Kg2 Qe3 35.Bf3 Ne5
36.Rf1 Kg7 37.h4 Qd2 38.a3 Qa2  0-1

[Event "17th Petr Izmailov"]
[Site "Tomsk RUS"]
[Date "2013.06.11"]
[Round "1.2"]
[White "Efanov,Mikhail"]
[Black "Bocharov,D"]
[Result "0-1"]
[WhiteElo "2071"]
[BlackElo "2617"]

1.d4 Nf6 2.Nf3 e6 3.c4 Bb4+ 4.Bd2 Qe7 5.g3 Nc6 6.Bg2 Bxd2+ 7.Nbxd2 d6 8.O-O a5
9.e4 e5 10.d5 Nb8 11.b3 Na6 12.a3 O-O 13.Ne1 Bg4 14.Bf3 Bd7 15.Nd3 c6 16.Bg2 cxd5
17.exd5 Bf5 18.Qe2 Rac8 19.Rfe1 Rfe8 20.h3 Qd8 21.g4 Bg6 22.Rac1 Qb6 23.Qe3 Qxe3
24.Rxe3 Bxd3 25.Rxd3 b5 26.Re1 b4 27.a4 Nc5 28.Rde3 g6 29.Be4 Kg7 30.Bc2 Rf8
31.Kg2 Nfd7 32.g5 Rh8 33.Bd1 h6 34.Bg4 Rcd8 35.Bxd7 Rxd7 36.h4 hxg5 37.hxg5 Rh5
38.Rg3 Rh4 39.Ree3 Rd8 40.Nf3 Rh5 41.Nd2 Rh4 42.Nf3 Rf4 43.Nd2 Rh8 44.f3 Rd4
45.Ne4 Nd3 46.Rg4 Nf4+ 47.Rxf4 exf4 48.Re2 Rd1 49.Nf6 Rdh1 50.Ng4 R1h5 51.Re7 Rd8
52.Ra7 Rxg5 53.Kf1 Rh5 54.Nf2 Re8 55.Ne4 Rh1+ 56.Kg2 Reh8  0-1

[Event "2nd Grand Europe Open 2013"]
[Site "Golden Sands BUL"]
[Date "2013.06.12"]
[Round "3.48"]
[White "Vassiliev,G"]
[Black "Goumas,G"]
[Result "0-1"]
[WhiteElo "2202"]
[BlackElo "2401"]

1.d4 Nf6 2.c4 e6 3.Nf3 Bb4+ 4.Bd2 a5 5.g3 d6 6.Bg2 O-O 7.O-O Nbd7 8.Bg5 d5
9.c5 h6 10.Bxf6 Qxf6 11.Qb3 b6 12.a3 Bxc5 13.dxc5 bxc5 14.Qc2 Ba6 15.Nc3 Rfb8
16.Rfd1 c6 17.e3 Ra7 18.Rd2 Rab7 19.Rb1 Bc4 20.h3 e5 21.e4 Bb3 22.Qc1 d4
23.Ne2 Ba2 24.Ra1 Be6 25.Ne1 Qe7 26.f4 f6 27.Nf3 Rb3 28.Qc2 c4 29.Nc1 d3
30.Qd1 Rxb2 31.f5 Bf7 32.Kh1 Rb1 33.Rxb1 Rxb1 34.Qg1 Nc5 35.Nh4 c3 36.Rd1 c2
37.Rf1 d2 38.Bf3 Nb3 39.Ng6 Bxg6 40.Nxb3 Rxb3 41.fxg6 Rxf3  0-1

[Event "27th Pula Open 2013"]
[Site "Pula CRO"]
[Date "2013.06.13"]
[Round "7.6"]
[White "Yrjola,J"]
[Black "Zvan,Z"]
[Result "1-0"]
[WhiteElo "2366"]
[BlackElo "2288"]

1.c4 Nf6 2.Nf3 e6 3.d4 Bb4+ 4.Bd2 Qe7 5.g3 Nc6 6.Nc3 Bxc3 7.Bxc3 Ne4 8.Rc1 Nxc3
9.Rxc3 d6 10.d5 Nb8 11.dxe6 fxe6 12.Nd4 O-O 13.Bg2 Na6 14.O-O e5 15.Nc2 c6
16.Rd3 Rf6 17.Ne3 Bd7 18.a3 Raf8 19.b4 Nc7 20.Qd2 a6 21.Rd1 Ne8 22.c5 Rxf2
23.cxd6 Qg5 24.Rf1 Rxf1+ 25.Nxf1 Qf6 26.e4 Qe6 27.Ne3 Rf6 28.Nf5 g6 29.Nh6+ Kh8
30.Bf3 Qh3 31.Qg5 Kg7 32.Nf5+ Rxf5 33.exf5 Qxf5 34.Qe7+ Kh6 35.Re3 Nf6 36.Qf8+  1-0

[Event "27th Pula Open 2013"]
[Site "Pula CRO"]
[Date "2013.06.14"]
[Round "8.5"]
[White "Tratar,M"]
[Black "Karner,C"]
[Result "1/2-1/2"]
[WhiteElo "2508"]
[BlackElo "2321"]

1.d4 Nf6 2.c4 e6 3.Nf3 Bb4+ 4.Bd2 c5 5.Bxb4 cxb4 6.g3 b6 7.Bg2 Bb7 8.O-O O-O
9.Qd3 d6 10.Nbd2 Qc7 11.e4 e5 12.Ne1 a5 13.Nc2 Nc6 14.Rfd1 Rfe8 15.b3 Rad8
16.f3 Ba6 17.d5 Nb8 18.a3 bxa3 19.Rxa3 Bc8 20.Qe3 Na6 21.Rb1 Nd7 22.b4 axb4
23.Nxb4 Nxb4 24.Rxb4 Nc5 25.Ra1 Bd7 26.Rab1 Rb8 27.Bf1  1/2-1/2

[Event "US Juniors 2013"]
[Site "Saint Louis USA"]
[Date "2013.06.14"]
[Round "1.2"]
[White "Naroditsky,D"]
[Black "Xiong,Jeffrey"]
[Result "1-0"]
[WhiteElo "2494"]
[BlackElo "2370"]

1.d4 Nf6 2.Nf3 e6 3.c4 Bb4+ 4.Bd2 Qe7 5.g3 Nc6 6.Nc3 d6 7.d5 Bxc3 8.Bxc3 Nb8
9.Bg2 e5 10.Nd2 O-O 11.O-O b6 12.b4 Bb7 13.Qb3 c6 14.Rfc1 Rc8 15.Bb2 Nbd7
16.e4 b5 17.dxc6 Bxc6 18.cxb5 Bxb5 19.a4 Bc6 20.Qd3 Qe6 21.Qa6 Nb8 22.Qc4 Nbd7
23.Qxe6 fxe6 24.b5 Bb7 25.Nc4 Nxe4 26.Bxe4 Bxe4 27.Nxd6 Rxc1+ 28.Rxc1 Bf3
29.Rc7 Rd8 30.Nb7 Rb8 31.Na5 Nb6 32.Rxg7+ Kxg7 33.Bxe5+ Kf7 34.Bxb8 a6 35.bxa6 Nxa4
36.Nc4 Ke7 37.Bd6+ Kd8 38.Bf4 Kc8 39.Nd6+ Kb8 40.Nf7+ Ka7 41.Ng5 Bd5 42.Nxh7 Kxa6
43.Nf6 Bf3 44.h4 Nc3 45.h5 Nd5 46.Nxd5 exd5 47.h6 Be4 48.Be5 Kb5 49.f4 Kc6
50.g4 Bh7 51.Bd4  1-0

[Event "7th Srebrno Jezero Open 2013"]
[Site "Srebrno jezero SRB"]
[Date "2013.06.15"]
[Round "2.6"]
[White "Mladenovic,St"]
[Black "Nestorovic,De"]
[Result "1/2-1/2"]
[WhiteElo "2299"]
[BlackElo "2428"]

1.d4 Nf6 2.Nf3 e6 3.c4 Bb4+ 4.Bd2 a5 5.g3 O-O 6.Bg2 d5 7.cxd5 exd5 8.Bxb4 axb4
9.Ne5 Qd6 10.Nd2 Bf5 11.O-O c5 12.Ndf3 c4 13.Nh4 Bg6 14.Nhxg6 hxg6 15.e4 Nxe4
16.Bxe4 dxe4 17.Nxc4 Qd8 18.d5 Nd7 19.Qd4 Nf6 20.d6 Ra6 21.Rfd1 Qd7 22.Ne5 Qe6
23.d7 Rd8 24.Rac1 Kh7 25.Rc5 Rxa2 26.Qd6 Ra1 27.Kg2 Rxd1 28.Qxd1 Nxd7 29.Rd5 Nxe5
30.Rxd8 Nd3 31.Qe2 Qb6 32.Re8 f5 33.Rc8 Qa6 34.Qe3 Qa1 35.Qg5 Ne1+ 36.Kh3 Nf3
37.Qc1 Qa6 38.Qc4 Qf6 39.Qg8+ Kh6 40.Qh8+ Kg5 41.Kg2 Qa6 42.Qd8+ Kh6 43.Qh8+ Kg5
44.Qd8+ Kh6 45.Qh8+ Kg5  1/2-1/2

[Event "7th Srebrno Jezero Open 2013"]
[Site "Srebrno jezero SRB"]
[Date "2013.06.15"]
[Round "2.2"]
[White "Lajthajm,B"]
[Black "Certic,B"]
[Result "0-1"]
[WhiteElo "2478"]
[BlackElo "2392"]

1.d4 Nf6 2.c4 e6 3.Nf3 Bb4+ 4.Bd2 Qe7 5.Qc2 Nc6 6.Nc3 O-O 7.e3 d6 8.a3 Bxc3
9.Bxc3 a5 10.b3 e5 11.h3 exd4 12.Nxd4 Ne4 13.Bb2 Nxd4 14.Bxd4 c5 15.Bb2 a4
16.bxa4 Bd7 17.a5 Rxa5 18.Bd3 Ba4 19.Qc1 Ra6 20.O-O Re8 21.f3 Ng3 22.Re1 Qh4
23.Qd2 Nh5 24.Rab1 Bc6 25.Qf2 Qxf2+ 26.Kxf2 Rea8 27.Red1 Nf6 28.Bc1 Kf8 29.g4 h6
30.h4 Nd7 31.g5 hxg5 32.hxg5 Ne5 33.Be2 Ra4 34.Rh1 Ke7 35.Bb2 Nxc4 36.Bxg7 Nxa3
37.Bf6+ Ke6 38.Rbc1 Nb5 39.Bc4+ Rxc4 40.Rxc4 Ra2+ 41.Kg3 Nc7 42.Bd8 Ne8 43.Rf4 Kd7
44.Bb6 Bd5 45.e4 Be6 46.Rb1 Ng7 47.Rh4 Kc6 48.Rh7 Nf5+ 49.exf5 Bxf5 50.Rxf7 Bxb1
51.Bd8 b5 52.Rc7+ Kd5 53.Rb7 b4 54.Rb6 Ke6 55.Bc7 Rd2 56.Kf4 Rd4+ 57.Ke3 Kd7
58.Bb8 Bc2 59.f4 Bf5 60.Ke2 Bc2 61.Ke3 Rd1 62.Ke2 Rd5 63.Ke3 Ke6 64.Bc7 Rd3+
65.Ke2 Rd4 66.Ke3 b3 67.g6 Bxg6 68.Rxb3 Kd7 69.Ba5 Re4+ 70.Kf3 Ra4 71.Bc3 Bc2
72.Rb2 Bf5 73.Bg7 Ra3+ 74.Kf2 Bd3 75.Bf8 Ra8 76.Bg7 Kc6 77.Rd2 Bf5 78.Re2 Ra4
79.Kg3 Be4 80.Kg4 d5 81.Kg5 Ra3 82.Be5 Rg3+ 83.Kf6 Rf3 84.Rb2 Bd3 85.Rb8 d4
86.Re8 Kd5 87.Rd8+ Kc4 88.Rc8 Rh3 89.Kg5 Rg3+ 90.Kh5 Bf5 91.Rf8 Be4 92.f5 Rf3
93.Kg4 d3 94.Bf4 Rxf4+ 95.Kxf4 d2 96.Kxe4 d1=Q 97.Ke5 Qh5 98.Ke6 Qg4 99.Rf7 Kd4
100.Kd6 c4 101.f6 c3 102.Rd7 c2 103.f7 Qg7 104.Ke7+ Ke5 105.Rc7 Qf6+ 106.Ke8 Kd6  0-1

[Event "8th Teplice Open 2013"]
[Site "Teplice CZE"]
[Date "2013.06.15"]
[Round "1.14"]
[White "Papay,M"]
[Black "Burg,T"]
[Result "0-1"]
[WhiteElo "1966"]
[BlackElo "2481"]

1.d4 Nf6 2.Nf3 e6 3.c4 Bb4+ 4.Bd2 c5 5.e3 O-O 6.Bd3 b6 7.O-O Bb7 8.a3 Bxd2
9.Nbxd2 cxd4 10.exd4 d5 11.cxd5 Qxd5 12.Bc4 Qd6 13.Qe2 Rd8 14.Rfd1 Nc6 15.Nf1 Rac8
16.Ne3 Na5 17.Ba6 Bxf3 18.Qxf3 Rc7 19.Rd3 b5 20.Bxb5 Qb6 21.Ba4 Qxb2 22.Qd1 Ne4
23.Qe1 Nc3 24.Nc2 Nxa4  0-1

[Event "16th Heraklion Open A 2013"]
[Site "Athens GRE"]
[Date "2013.06.16"]
[Round "1.2"]
[White "Loupos,V"]
[Black "Gogolis,A"]
[Result "0-1"]
[WhiteElo "2032"]
[BlackElo "2264"]

1.d4 Nf6 2.c4 e6 3.Nf3 Bb4+ 4.Bd2 Qe7 5.a3 Bxd2+ 6.Qxd2 d6 7.Nc3 O-O 8.e4 e5
9.d5 a5 10.b3 Nbd7 11.Bd3 Nc5 12.Bc2 Bg4 13.Qe3 c6 14.O-O Rfc8 15.Rfc1 cxd5
16.cxd5 Bxf3 17.Qxf3 Qd8 18.Rab1 g6 19.h3 Kg7 20.Qe3 h5 21.Bd1 Nfd7 22.Nb5 Nf6
23.Rc4 Qd7 24.a4 Qe7 25.Be2 b6 26.Rf1 Re8 27.Bd1 Rac8 28.g3 Rcd8 29.Kg2 Rd7
30.Bc2 h4 31.g4 Nh7 32.f4 exf4 33.Rxf4 Qe5 34.Qf3 Ng5 35.Qc3 f6 36.Qxe5 Rxe5
37.Nd4 Nf7 38.b4 axb4 39.Rxb4 Rb7 40.Nc6 Re8 41.Rf1 Ne5 42.Rfb1 Nxc6 43.dxc6 Rc7
44.Rxb6 Rec8 45.a5 Rxc6 46.Rxc6 Rxc6 47.Rb6 Rc7 48.Rb2 Ra7 49.Ra2 Nb7 50.Bb3 Nxa5
51.Bd5 Nc6 52.Rb2 Ne5 53.Rb6 Kh6 54.Rxd6 Kg5 55.Rb6 Rc7 56.Rb3 Rc2+ 57.Kg1 Kf4
58.Rb6 Nf3+ 59.Kf1 Kg3 60.Rxf6 Rf2+  0-1

[Event "7th Srebrno Jezero Open 2013"]
[Site "Srebrno jezero SRB"]
[Date "2013.06.16"]
[Round "4.9"]
[White "Cabrilo,G"]
[Black "Martinovic,Sl"]
[Result "1/2-1/2"]
[WhiteElo "2404"]
[BlackElo "2417"]

1.d4 Nf6 2.c4 e6 3.Nf3 Bb4+ 4.Bd2 a5 5.g3 b6 6.Bg2 Bb7 7.O-O Bxd2 8.Qxd2 O-O
9.Nc3 d6 10.Rfe1 Nbd7 11.e4 e5 12.b3  1/2-1/2

[Event "8th Teplice Open 2013"]
[Site "Teplice CZE"]
[Date "2013.06.17"]
[Round "3.8"]
[White "Lechtynsky,J"]
[Black "Andreev,Ed UKR"]
[Result "1-0"]
[WhiteElo "2361"]
[BlackElo "2498"]

1.d4 Nf6 2.Nf3 e6 3.c4 Bb4+ 4.Bd2 c5 5.Bxb4 cxb4 6.a3 bxa3 7.Rxa3 O-O 8.Nc3 d6
9.g3 Nc6 10.Bg2 e5 11.O-O Bg4 12.dxe5 dxe5 13.Qb1 Qb6 14.Ng5 g6 15.e3 Nb4
16.Nge4 Nd7 17.h3 Be6 18.Rd1 Rfd8 19.Rd6 Qc7 20.b3 Nf8 21.Nb5 Qe7 22.Rxd8 Rxd8
23.Rxa7 Bf5 24.g4 Bxe4 25.Qxe4 Qh4 26.Qf3 e4 27.Qg3 Qe7 28.Nc3 Nc6 29.Ra1 Qb4
30.Nxe4 Qxb3 31.Qf4 Ne6 32.Qf6 Qxc4 33.Qb2 Qb4 34.Qxb4 Nxb4 35.Rb1 Nc6 36.Rxb7 Ne5
37.Rb5 Rd1+ 38.Kh2 Nc4 39.Rd5 Ra1 40.g5 h6 41.h4 hxg5 42.hxg5 Ra2 43.Kg3 Kg7
44.Bh3 Ra6 45.Bxe6 Rxe6 46.Kf4 Re8 47.Nf6 Rh8 48.e4 Kf8 49.Rd4 Nb6 50.Rd6 Nc4
51.Rc6 Nd2 52.Rc7 Kg7 53.Ke3 Nb3 54.e5 Kf8 55.f3 Na5 56.Ke4 Nb3 57.Kd5 Kg7  1-0

[Event "FIDE WGP Dilijan 2013"]
[Site "Dilijan ARM"]
[Date "2013.06.19"]
[Round "4.5"]
[White "Girya,O"]
[Black "Danielian,E"]
[Result "1-0"]
[WhiteElo "2436"]
[BlackElo "2475"]

1.d4 Nf6 2.Nf3 e6 3.c4 Bb4+ 4.Bd2 c5 5.Bxb4 cxb4 6.g3 O-O 7.Bg2 d6 8.O-O Nc6
9.Qb3 Qb6 10.Rd1 e5 11.d5 Na5 12.Qc2 Bg4 13.Nbd2 Rac8 14.Rdc1 Bh5 15.e4 Bg6
16.Qd3 Qc5 17.Nh4 b5 18.Nxg6 hxg6 19.Nb3 Nxb3 20.axb3 Rc7 21.Bh3 g5 22.Ra5 g4
23.Bf1 Rfc8 24.Rca1 bxc4 25.bxc4 Qd4 26.Qxd4 exd4 27.Rd1 Nxe4 28.Rxd4 Re8
29.Rb5 f5 30.Rxb4 Ng5 31.Rd1 Nf3+ 32.Kh1 g5 33.Rb3 Rce7 34.h3 Re1 35.Rbd3 gxh3
36.Rxe1 Nxe1 37.Rd1 g4 38.c5 Nf3 39.c6 Re7 40.Bd3 Nd4 41.Rc1 Nb3 42.c7  1-0

[Event "DYTM Raja Nazrin Shah Masters"]
[Site "Kuala Lumpur MAS"]
[Date "2013.06.20"]
[Round "8.4"]
[White "Wong Meng Kong"]
[Black "Mas,H"]
[Result "0-1"]
[WhiteElo "2301"]
[BlackElo "2347"]

1.d4 Nf6 2.c4 e6 3.Nf3 Bb4+ 4.Bd2 Qe7 5.Nc3 b6 6.e3 Bxc3 7.Bxc3 Ne4 8.Qc2 Bb7
9.Nd2 Nxc3 10.Qxc3 d6 11.f3 Nd7 12.Be2 O-O 13.O-O c5 14.dxc5 Nxc5 15.b4 Nd7
16.Nb3 Rac8 17.Rfc1 Rfd8 18.a4 Ne5 19.Qd4 Qg5 20.Qf4 Qxf4 21.exf4 Nc6 22.b5 Na5
23.Nxa5 bxa5 24.Kf2 Rc5 25.Rd1 Kf8 26.Rd4 Ke7 27.Rad1 d5 28.R1d2 Rdc8 29.cxd5 Rxd5
30.Bd1 Rc3 31.Ke2 Kd6 32.R2d3 Rxd4 33.Rxd4+ Bd5 34.Rd3 Rc4 35.Ke3 Kc5 36.Bb3 Rc1
37.Bd1 Kb4 38.Kd2 Rb1 39.Rd4+ Kc5 40.Rd3 Rb4 41.Rc3+ Bc4 42.Bc2 g6 43.Ke3 f5
44.g4 Kd5 45.h4 h5 46.g5 Kc5 47.Bd1 Rb2 48.Rc1 Kd5 49.Ra1 Rh2 50.Ra3 Rxh4
51.Bb3 Rh1 52.Bxc4+ Kxc4 53.Ra2 Kb3 54.Rd2 Kxa4 55.Rb2 h4 56.Kd4 Ka3 57.Re2 h3
58.Ke5 Rg1 59.Rh2 Rg3 60.Kxe6 Kb3 61.Kf6 a4 62.Kxg6 a3 63.Kxf5 a2 64.Rh1 h2
65.Kg6 Rg1 66.Rxh2 a1=Q 67.f5 Qe5 68.Rh5 Qxb5 69.f6 Qd3+  0-1

[Event "66th ch-RUS HL"]
[Site "Yekaterinburg RUS"]
[Date "2013.06.20"]
[Round "1.15"]
[White "Airapetian,G"]
[Black "Sjugirov,S"]
[Result "1/2-1/2"]
[WhiteElo "2448"]
[BlackElo "2647"]

1.d4 Nf6 2.c4 e6 3.Nf3 Bb4+ 4.Bd2 a5 5.g3 d6 6.Bg2 Nbd7 7.O-O e5 8.Bc3 exd4
9.Bxd4 O-O 10.Nc3 Bc5 11.b3 Re8 12.a3 h6 13.Qc2 Bxd4 14.Nxd4 Ne5 15.Rfd1 c6
16.c5 d5 17.h3 Qe7 18.Na4 Rb8 19.Kh2 h5 20.Nb6 g6 21.Qc3 h4 22.Rf1 Ne4 23.Bxe4 dxe4
24.Kg2 Nd7 25.Nxd7 Bxd7 26.Rad1 Ra8 27.Nc2 Be6 28.Rd6 Rad8 29.Rfd1 hxg3 30.fxg3 Bd5
31.Rxd8 Rxd8 32.Ne3 Be6 33.Rxd8+ Qxd8 34.b4 axb4 35.axb4 f6 36.h4 Kg7 37.Kf2 Qd7
38.Kg2 Bh3+ 39.Kf2 Be6 40.Kg2 Bh3+ 41.Kf2  1/2-1/2

[Event "HSG Open A 2013"]
[Site "Hilversum NED"]
[Date "2013.06.21"]
[Round "1.1"]
[White "Vereggen,L"]
[Black "Ernst,S"]
[Result "0-1"]
[WhiteElo "2095"]
[BlackElo "2594"]

1.d4 Nf6 2.c4 e6 3.Nf3 Bb4+ 4.Bd2 Qe7 5.Nc3 Nc6 6.Qc2 O-O 7.a3 Bxc3 8.Bxc3 d6
9.e3 e5 10.d5 Nb8 11.e4 c6 12.Bd3 a5 13.O-O Bg4 14.Nd2 Rc8 15.f3 Bd7 16.b4 axb4
17.axb4 Rxa1 18.Rxa1 b5 19.dxc6 Nxc6 20.Qb2 bxc4 21.Nxc4 Be6 22.b5 Nd8 23.Ne3 Qc7
24.Be1 Nd7 25.Bf2 Nb6 26.Bf1 g6 27.Ra6 Rb8 28.Qd2 Nb7 29.Ra7 Nc8 30.Ra1 Nc5
31.Rd1 Na4 32.Rc1 Nc5 33.Rd1 Bb3 34.Nd5 Qd8 35.Qh6 f6 36.Rd2 Ra8 37.h4 Nd7
38.h5 g5 39.Rb2 Bxd5 40.exd5 Ra1 41.g4 Qc7 42.Re2 Ncb6 43.f4 Qc4 44.Kg2 Qxf4
45.Re3 Qxg4+ 46.Rg3 Qe4+ 47.Kg1 Qf5 48.Kg2 Nxd5  0-1

[Event "TCh-SUI 2013"]
[Site "Switzerland SUI"]
[Date "2013.06.22"]
[Round "4.8"]
[White "Gruenenwald,J"]
[Black "Kuemin,S"]
[Result "1/2-1/2"]
[WhiteElo "2308"]
[BlackElo "2385"]

1.d4 e6 2.c4 Nf6 3.Nf3 Bb4+ 4.Bd2 Bxd2+ 5.Qxd2 O-O 6.Nc3 d5 7.e3 Nbd7 8.Rc1 Qe7
9.Qc2 a6 10.cxd5 exd5 11.Bd3 c6 12.O-O Re8 13.Nd2 Nf8 14.Rfe1 Be6 15.a3 a5
16.f3 Red8 17.Na4 N6d7 18.Nb3 Rdc8 19.Nbc5 Nxc5 20.Qxc5 Qxc5 21.Rxc5 Nd7  1/2-1/2

[Event "Gold Coast Open 2013"]
[Site "Gold Coast AUS"]
[Date "2013.06.23"]
[Round "3"]
[White "Liu,Yi"]
[Black "Grigg,S"]
[Result "1-0"]
[WhiteElo "2175"]
[BlackElo "2032"]

1.d4 Nf6 2.c4 e6 3.Nf3 Bb4+ 4.Bd2 Qe7 5.e3 Bxd2+ 6.Qxd2 d6 7.Be2 e5 8.O-O O-O
9.Nc3 Re8 10.b4 Bg4 11.h3 Bh5 12.a4 e4 13.Ne1 Bxe2 14.Qxe2 b6 15.a5 Nc6 16.Nc2 Reb8
17.Ra4 bxa5 18.b5 Nb4 19.Rxa5 Nxc2 20.Qxc2 Qe6 21.d5 Qe8 22.Rfa1 Rb7 23.R1a3 h6
24.Qa2 Qe5 25.Ne2 g5 26.Ng3 h5 27.Rxa7 Raxa7 28.Rxa7 Rxa7 29.Qxa7 h4 30.Ne2 Qb2
31.Qd4 Qxd4 32.Nxd4 Nd7 33.Nb3 Nb6 34.c5 Nxd5 35.cxd6 cxd6 36.Nd2 f5 37.Nc4 Kf7
38.b6 Ne7 39.Na5  1-0